00317nam a2200133Ia 4500008004100000041000800041082001400049100001500063245002500078250001400103260002700117300003200144365000700176240624s9999 xx 000 0 und d aeng a658.8 KUM aKUMAR ARUN aMARKETING MANAGEMENT a(3rd ed.) c2016aNew DelhibVikas axxii, : 668 : p. : cm. ; 26 cRS